| 000 | 00474nam a22001577a 4500 | ||
|---|---|---|---|
| 999 |
_c7930 _d7930 |
||
| 005 | 20240905145619.0 | ||
| 008 | 240905b ||||| |||| 00| 0 eng d | ||
| 020 | _a9788419999184 | ||
| 040 |
_aCDMR _dCDMR |
||
| 100 | 1 |
_93793 _aGómez, Alberto |
|
| 245 |
_aContra el silencio _b: un viaje por las etapas del duelo después del suicidio _c/ Alberto Gómez |
||
| 260 |
_aMadrid : _bLibros.com, _c2024 |
||
| 300 | _a95 pàgines | ||
| 650 | 0 |
_94965 _aSuïcidi |
|
| 942 |
_2udc _cMON |
||